Guess the Phoebe bridgers song with no hints #5 - Statistics

General Stats
  • This quiz has been taken 81 times
  • The average score is 84 of 182
Answer Stats
Answer % Correct
i
98%
a
97%
the
97%
you
95%
to
81%
me
73%
it
71%
and
69%
my
69%
what
68%
in
64%
go
63%
i'm
61%
I'm
61%
on
61%
hear
58%
not
54%
of
54%
know
51%
at
49%
like
49%
all
46%
but
46%
could
44%
i'll
44%
try
37%
wanna
34%
from
32%
time
32%
up
32%
feels
31%
had
31%
anything
29%
back
29%
going
29%
into
29%
nothing
29%
now
29%
outside
29%
think
29%
life
27%
watch
27%
being
25%
ever
25%
again
24%
down
24%
gave
24%
sidelines
24%
'til
24%
afraid
22%
alone
22%
came
22%
'cause
22%
cry
22%
dying
22%
something
22%
world
22%
broke
20%
lose
20%
prove
20%
room
20%
thing
20%
fault
19%
fire
19%
first
19%
house
19%
living
19%
plane
19%
talking
19%
line
17%
makes
17%
ocean
17%
people
17%
school
17%
full
15%
myself
15%
outline
15%
shape
15%
childish
14%
drowning
14%
getting
14%
plants
14%
seashell
14%
watching
14%
older
12%
shakes
12%
used
12%
fetishize
8%
No matching quizzes found
Score Distribution
Percent of People with Each Score
Percentile by Number Answered
Your Score History
You have not taken this quiz